Personnal Management (Record no. 772)

MARC details
000 -LEADER
fixed length control field 00433nam a22001697a 4500
005 - DATE AND TIME OF LATEST TRANSACTION
control field 20180801142340.0
008 - FIXED-LENGTH DATA ELEMENTS--GENERAL INFORMATION
fixed length control field 160513b xxu||||| |||| 00| 0 eng d
020 ## - INTERNATIONAL STANDARD BOOK NUMBER
ISBN 81-8318-119-8
041 ## - LANGUAGE CODE
Language code of text/sound track or separate title eng
082 ## - DEWEY DECIMAL CLASSIFICATION NUMBER
Item number 2117
Classification number 658.3
100 ## - MAIN ENTRY--AUTHOR NAME
Personal name C.B. Mamoria and S.V. Gankar
245 ## - TITLE STATEMENT
Title Personnal Management
260 ## - PUBLICATION, DISTRIBUTION, ETC. (IMPRINT)
Place of publication New Delhi
Name of publisher Himalaya Publishing House,
Year of publication 2006
300 ## - PHYSICAL DESCRIPTION
Number of Pages 908p,
650 ## - SUBJECT ADDED ENTRY--TOPICAL TERM
Topical Term Management
942 ## - ADDED ENTRY ELEMENTS (KOHA)
Koha item type Books
Holdings
Lost status Damaged status Collection code Home library Shelving location Date acquired Cost, normal purchase price Full call number Accession Number Koha item type
    MANAGEMENT JRU Library SHELF-62 -B 13/05/2016 950.00 658.3 2117 Books
    MANAGEMENT JRU Library SHELF-62 -B 13/05/2016 950.00 658.3 2118 Books
    MANAGEMENT JRU Library SHELF-62 -B 13/05/2016 950.00 658.3 2119 Books